00390nam a2200157Ia 450000500170000000800410001704100120005808200150007010000160008524500290010125000080013026000260013850000080016465000490017270000110022120240823055558.0240823s9999||||xx |||||||||||||| ||und|| aENGLISH A658.562 Q7 aJayakumar V 0aTotal Quality Management a3rd c2017bLakshmi Publica aYES aTotal Quality ManagementbManagement Studies aRaju R